[Event "GBR-ch U1750 op 105th"]
[Site "Hull"]
[Date "2018.08.03"]
[Round "5"]
[White "Fowler, David J"]
[Black "Lambton, David"]
[Result "0-1"]
[WhiteElo "1650"]
[BlackElo "1502"]
[PlyCount "130"]
[EventDate "2018.07.30"]
[EventType "swiss"]
[EventRounds "5"]
[EventCountry "ENG"]
[SourceTitle "EXT 2021"]
[Source "ChessBase"]
[SourceDate "2020.10.23"]
[SourceVersion "1"]
[SourceVersionDate "2020.10.23"]
[SourceQuality "1"]

1. e4 c6 2. d4 d5 3. exd5 cxd5 4. Bd3 Nc6 5. c3 Qc7 6. f4 Nf6 7. Qc2 e6 8. Nf3 Bd6 9. Ne5 h6 10. Be3 Bd7 11. Nd2 Rc8 12. Qd1 0-0 13. g4 Rfd8 14. h4 Bxe5 15. fxe5 Nxe5 16. dxe5 Qxe5 17. Qe2 Nxg4 18. Rh3 Nxe3 19. Qxe3 Qxe3+ 20. Rxe3 f6 21. Kf2 e5 22. Rg1 Bc6 23. Bf5 Rc7 24. Reg3 d4 25. c4 Re8 26. Ne4 Bxe4 27. Bxe4 Ree7 28. Rg6 Kf8 29. Bd5 Ke8 30. b3 a6 31. Re1 b5 32. Kf3 bxc4 33. Bxc4 a5 34. Ke4 Kd8 35. Rd1 a4 36. Rd2 axb3 37. axb3 Ra7 38. h5 Kc7 39. Rgg2 Kd6 40. Rb2 Kc5 41. Rg3 Ra1 42. Rgg2 Rea7 43. Kf5 Rh1 44. Rh2 Raa1 45. Kg6 Rxh2 46. Rxh2 Rg1+ 47. Kf5 Kb4 48. Ke4 Re1+ 49. Kd3 Re3+ 50. Kd2 Rg3 51. Bf7 e4 52. Bc4 Rc3 53. Rg2 Rf3 54. Rxg7 Rf2+ 55. Ke1 e3 56. Rg3 f5 57. Rg6 f4 58. Rxh6 f3 59. Rd6 Kc3 60. h6 Rb2 61. Be2 Rxe2+ 62. Kf1 Rb2 63. Rc6+ Kd3 64. Rc1 Rh2 65. Kg1 Rxh6 0-1

[Event "BCF-chT4S 1718 (4NCL)"]
[Site "England"]
[Date "2017.11.11"]
[Round "1.94"]
[White "Adaway, William"]
[Black "Fowler, David J"]
[Result "1-0"]
[WhiteElo "1862"]
[BlackElo "1655"]
[PlyCount "91"]
[EventDate "2017.11.11"]
[EventType "team-swiss"]
[EventRounds "11"]
[EventCountry "ENG"]
[SourceTitle "EXT 2020"]
[Source "ChessBase"]
[SourceDate "2019.10.17"]
[SourceVersion "1"]
[SourceVersionDate "2019.10.17"]
[SourceQuality "1"]
[WhiteTeam "Wessex II"]
[BlackTeam "Invicta Chess"]
[WhiteTeamCountry "ENG"]
[BlackTeamCountry "ENG"]

1. e4 e6 2. d4 d5 3. Nc3 Bb4 4. exd5 exd5 5. Bd3 c6 6. Qf3 Qf6 7. Qd1 Qd8 8. Nf3 Nf6 9. 0-0 0-0 10. Ne5 Nbd7 11. Bg5 h6 12. Bh4 Re8 13. f4 c5 14. Nxd7 Bxd7 15. Nxd5 Be6 16. Nxf6+ gxf6 17. c3 c4 18. Bb1 Bf8 19. Be4 Bg7 20. Qf3 Re7 21. f5 Bc8 22. Bd5 Kh8 23. Bxc4 Qc7 24. Bb3 Bd7 25. Bg3 Qb6 26. Rae1 Bc6 27. Qf2 Rae8 28. Rxe7 Rxe7 29. Re1 Qd8 30. Rxe7 Qxe7 31. d5 Bd7 32. d6 Qe4 33. Bc2 Qe8 34. Qe1 Qxe1+ 35. Bxe1 Bf8 36. Bg3 Kh7 37. Be4 b6 38. Kf2 h5 39. Kf3 h4 40. Bf4 Bh6 41. Ke3 Bg5 42. g3 Kh6 43. Bxg5+ fxg5 44. gxh4 gxh4 45. Kf4 f6 46. Bd5 1-0

[Event "GBR-ch U1900 op 104th"]
[Site "Llandudno"]
[Date "2017.08.03"]
[Round "4"]
[White "O'Gorman, Brendan"]
[Black "Fowler, David J"]
[Result "1/2-1/2"]
[WhiteElo "1702"]
[BlackElo "1659"]
[PlyCount "31"]
[EventDate "2017.07.31"]
[EventType "swiss"]
[EventRounds "5"]
[EventCountry "WLS"]
[SourceTitle "EXT 2019"]
[Source "ChessBase"]
[SourceDate "2018.10.10"]
[SourceVersion "1"]
[SourceVersionDate "2018.10.10"]
[SourceQuality "1"]

1. d4 e6 2. Nf3 Nf6 3. c4 c5 4. e3 d5 5. a3 Nc6 6. dxc5 Bxc5 7. b4 Be7 8. Bb2 0-0 9. Nbd2 b6 10. cxd5 Qxd5 11. Bc4 Qh5 12. 0-0 Bb7 13. Ne5 Nxe5 14. Qxh5 Nxh5 15. Bxe5 Bf6 16. Bxf6 1/2-1/2

[Event "London Weekend U1800 7th"]
[Site "London"]
[Date "2015.12.05"]
[Round "2.18"]
[White "Fowler, David J"]
[Black "Jina, Asha"]
[Result "0-1"]
[WhiteElo "1692"]
[BlackElo "1529"]
[PlyCount "96"]
[EventDate "2015.12.04"]
[EventType "swiss"]
[EventRounds "5"]
[EventCountry "ENG"]
[SourceTitle "EXT 2023"]
[Source "ChessBase"]
[SourceDate "2022.10.05"]
[SourceVersion "1"]
[SourceVersionDate "2022.10.05"]
[SourceQuality "1"]

1. e4 e6 2. d4 d5 3. exd5 exd5 4. Bd3 Bd6 5. Nf3 Nc6 6. 0-0 Nge7 7. c3 Bg4 8. Re1 Qd7 9. Nbd2 0-0-0 10. Qa4 Bf5 11. Qc2 f6 12. Nh4 Bxd3 13. Qxd3 g5 14. Nhf3 h5 15. Nf1 h4 16. Qe2 g4 17. N3d2 f5 18. Qe6 Rdg8 19. Nb3 b6 20. Bd2 f4 21. a4 f3 22. g3 hxg3 23. fxg3 Rf8 24. Kf2 Re8 25. a5 Qxe6 26. Rxe6 Nf5 27. Rae1 Kd7 28. Rxe8 Rxe8 29. Rxe8 Kxe8 30. axb6 axb6 31. Ne3 Nxe3 32. Bxe3 Na5 33. Nxa5 bxa5 34. Ke1 a4 35. Kd1 Kd7 36. Kc2 Kc6 37. Kd3 Kb5 38. Bf2 c5 39. Be3 cxd4 40. Bxd4 Bc5 41. Ke3 Bxd4+ 42. cxd4 Kc4 43. h4 gxh3 44. Kxf3 Kxd4 45. g4 Ke5 46. g5 Kf5 47. g6 Kxg6 48. Kg3 d4 0-1

[Event "BCF-ch Seniors 50 U150"]
[Site "Coventry"]
[Date "2015.07.30"]
[Round "4"]
[White "Fowler, David J"]
[Black "Costeloe, C Andrew J"]
[Result "0-1"]
[WhiteElo "1692"]
[BlackElo "1675"]
[PlyCount "84"]
[EventDate "2015.07.27"]
[EventType "swiss"]
[EventRounds "5"]
[EventCountry "ENG"]
[SourceTitle "CBM 167 Extra"]
[Source "ChessBase"]
[SourceDate "2015.09.14"]
[SourceVersion "1"]
[SourceVersionDate "2015.09.14"]
[SourceQuality "1"]

1. e4 e5 2. f4 exf4 3. Nf3 d6 4. Nc3 g5 5. h3 Bg7 6. d4 h6 7. Bc4 Be6 8. d5 Bd7 9. Qd3 Ne7 10. Bd2 Ng6 11. 0-0-0 Ne5 12. Nxe5 Bxe5 13. Ne2 a6 14. a3 Qf6 15. c3 Qg6 16. Nd4 0-0 17. Nf5 Bxf5 18. exf5 Qf6 19. Rdf1 Nd7 20. Be1 Rfb8 21. Qc2 b5 22. Ba2 a5 23. Rf3 Nc5 24. g3 b4 25. cxb4 axb4 26. gxf4 Bxf4+ 27. Bd2 Bxd2+ 28. Qxd2 bxa3 29. Qc3 axb2+ 30. Kb1 Qxc3 31. Rxc3 Ne4 32. Rc2 Rb5 33. Rd1 Rba5 34. Rd4 Nc5 35. Rxb2 Ra3 36. h4 Nd3 37. Rd2 Rb8+ 38. Ka1 Nc1 39. Rc4 Nb3+ 40. Kb2 Nxd2+ 41. Kxa3 Nxc4+ 42. Bxc4 gxh4 0-1

[Event "BCF-ch U140"]
[Site "Coventry"]
[Date "2015.07.29"]
[Round "3"]
[White "Marks, Robert"]
[Black "Fowler, David J"]
[Result "1-0"]
[WhiteElo "122"]
[BlackElo "1692"]
[PlyCount "69"]
[EventDate "2015.07.27"]
[EventType "swiss"]
[EventRounds "5"]
[EventCountry "ENG"]
[SourceTitle "EXT 2016"]
[Source "ChessBase"]
[SourceDate "2015.10.08"]
[SourceVersion "1"]
[SourceVersionDate "2015.10.08"]
[SourceQuality "1"]

1. Nf3 d5 2. g3 Nf6 3. Bg2 c5 4. d3 Nc6 5. Nbd2 Bg4 6. c3 e6 7. 0-0 Be7 8. Re1 Qc7 9. Qc2 0-0 10. e4 dxe4 11. dxe4 e5 12. b3 Rad8 13. Bb2 Nh5 14. Nc4 g6 15. Ne3 Be6 16. Rad1 f6 17. Nd5 Bxd5 18. exd5 Nb8 19. Bh3 Ng7 20. c4 Bd6 21. Qe4 Qe7 22. Qh4 Nd7 23. Nd2 Nf5 24. Bxf5 gxf5 25. Qh5 Rf7 26. Qxf5 Rg7 27. Re4 Nf8 28. h4 Rd7 29. Rde1 Qd8 30. Kh2 Qa5 31. R4e2 Qxa2 32. Ne4 Be7 33. Bxe5 Qxb3 34. Bxf6 Rf7 35. Qg4+ 1-0

[Event "BCF-ch U140"]
[Site "Coventry"]
[Date "2015.07.27"]
[Round "1"]
[White "Belinfante, Neville"]
[Black "Fowler, David J"]
[Result "0-1"]
[WhiteElo "119"]
[BlackElo "1692"]
[PlyCount "50"]
[EventDate "2015.07.27"]
[EventType "swiss"]
[EventRounds "5"]
[EventCountry "ENG"]
[SourceTitle "EXT 2016"]
[Source "ChessBase"]
[SourceDate "2015.10.08"]
[SourceVersion "1"]
[SourceVersionDate "2015.10.08"]
[SourceQuality "1"]

1. e4 e6 2. d4 d5 3. Nc3 Bb4 4. a3 Bxc3+ 5. bxc3 dxe4 6. Qg4 Nf6 7. Qxg7 Rg8 8. Qh6 Rg6 9. Qe3 c5 10. dxc5 Qa5 11. Ne2 Nbd7 12. c6 Ne5 13. Bd2 bxc6 14. c4 Qa4 15. Nc3 Qxc2 16. Rc1 Nd3+ 17. Bxd3 Qxd3 18. Qxd3 exd3 19. 0-0 Ba6 20. Na4 Ne4 21. Be3 Nd6 22. Nc5 Bxc4 23. Rfd1 Bd5 24. f3 Bxf3 25. g3 Bxd1 0-1

[Event "Brighton e2e4 Major"]
[Site "Brighton"]
[Date "2013.02.20"]
[Round "9"]
[White "Fowler, David J"]
[Black "Altman, Joshua"]
[Result "1/2-1/2"]
[WhiteElo "1682"]
[BlackElo "1563"]
[PlyCount "35"]
[EventDate "2013.02.16"]
[EventType "swiss"]
[EventRounds "9"]
[EventCountry "ENG"]
[SourceTitle "EXT 2014"]
[Source "ChessBase"]
[SourceDate "2013.11.20"]
[SourceVersion "1"]
[SourceVersionDate "2013.11.20"]
[SourceQuality "1"]

1. e4 c5 2. Nc3 g6 3. f4 Bg7 4. Nf3 Nc6 5. Bb5 Nd4 6. 0-0 e6 7. d3 Ne7 8. Ba4 0-0 9. Be3 d5 10. Bxd4 cxd4 11. Ne2 Qb6 12. Kh1 Qxb2 13. Bb3 Qa3 14. Rc1 Qc5 15. Qd2 Bd7 16. c3 dxc3 17. Nxc3 Qa5 18. Nxd5 1/2-1/2

[Event "Brighton e2e4 Major-C"]
[Site "Brighton"]
[Date "2012.02.18"]
[Round "7"]
[White "Fowler, David J"]
[Black "Mason, Ian C"]
[Result "1/2-1/2"]
[WhiteElo "1708"]
[BlackElo "1858"]
[PlyCount "34"]
[EventDate "2012.02.15"]
[EventType "tourn"]
[EventRounds "9"]
[EventCountry "ENG"]
[SourceTitle "EXT 2014"]
[Source "ChessBase"]
[SourceDate "2013.11.20"]
[SourceVersion "1"]
[SourceVersionDate "2013.11.20"]
[SourceQuality "1"]

1. e4 c5 2. Nc3 e6 3. f4 Nc6 4. Nf3 a6 5. g3 d5 6. d3 Nf6 7. e5 Nd7 8. Bg2 Be7 9. 0-0 0-0 10. Qe2 b5 11. Bd2 Bb7 12. Nd1 Qb6 13. Kh1 c4 14. Nf2 Nb4 15. Be3 Bc5 16. d4 Be7 17. c3 Nc6 1/2-1/2

[Event "High Wycombe e2e4 Major"]
[Site "Uplands Park"]
[Date "2011.10.10"]
[Round "5"]
[White "McDonnell, James J"]
[Black "Fowler, David J"]
[Result "0-1"]
[WhiteElo "1965"]
[BlackElo "1707"]
[PlyCount "92"]
[EventDate "2011.10.07"]
[EventType "swiss"]
[EventRounds "5"]
[EventCountry "ENG"]
[SourceTitle "EXT 2023"]
[Source "ChessBase"]
[SourceDate "2022.10.05"]
[SourceVersion "1"]
[SourceVersionDate "2022.10.05"]
[SourceQuality "1"]

1. e4 e6 2. d4 d5 3. Nd2 Nf6 4. e5 Nfd7 5. Bd3 c5 6. c3 Nc6 7. Ne2 cxd4 8. cxd4 f6 9. exf6 Nxf6 10. 0-0 Bd6 11. Nf3 0-0 12. Bf4 Ne4 13. Qc1 Bxf4 14. Nxf4 Qd6 15. Ne2 e5 16. dxe5 Nxe5 17. Nxe5 Qxe5 18. Ng3 Nxg3 19. hxg3 Bd7 20. Qd2 Rf6 21. Rfe1 Qd6 22. Be2 Raf8 23. Bf3 Bc6 24. Qd4 a6 25. Rad1 Kh8 26. Re3 h6 27. Rde1 Qd8 28. Re7 R8f7 29. R7e5 Rd6 30. Bh5 Rf8 31. Re7 Rdf6 32. R1e6 Bd7 33. Rxf6 Rxf6 34. Qe5 Bc6 35. Be8 Qd6 36. Qe2 Qc5 37. Bxc6 bxc6 38. Re8+ Kh7 39. Qd3+ g6 40. Qe2 Rf7 41. Ra8 Re7 42. Qxa6 Qc1+ 43. Kh2 Qg5 44. Qf1 Qd2 45. Rc8 Qc2 46. Qa6 Qf5 0-1

[Event "High Wycombe e2e4 Major"]
[Site "Uplands Park"]
[Date "2011.10.08"]
[Round "2"]
[White "Osiyemi, Lara"]
[Black "Fowler, David J"]
[Result "1/2-1/2"]
[WhiteElo "1842"]
[BlackElo "1707"]
[PlyCount "55"]
[EventDate "2011.10.07"]
[EventType "swiss"]
[EventRounds "5"]
[EventCountry "ENG"]
[SourceTitle "EXT 2023"]
[Source "ChessBase"]
[SourceDate "2022.10.05"]
[SourceVersion "1"]
[SourceVersionDate "2022.10.05"]
[SourceQuality "1"]

1. d4 Nf6 2. c4 e6 3. Nf3 c5 4. Bg5 cxd4 5. Bxf6 Bb4+ 6. Nbd2 Qxf6 7. a3 Bxd2+ 8. Qxd2 e5 9. g3 b6 10. Bg2 Bb7 11. 0-0 0-0 12. b4 h6 13. Rfd1 Rc8 14. Rac1 Nc6 15. Ne1 Nd8 16. Bxb7 Nxb7 17. Nd3 Nd6 18. c5 Ne4 19. Qe1 Nc3 20. Rd2 e4 21. Nf4 bxc5 22. Rxc3 dxc3 23. Rxd7 Qf5 24. Rd5 Qf6 25. bxc5 Rc6 26. Nh5 Qe6 27. Nf4 Qf6 28. Nh5 1/2-1/2

[Event "High Wycombe e2e4 Major"]
[Site "Uplands Park"]
[Date "2011.10.08"]
[Round "3"]
[White "Zhang, Anthony"]
[Black "Fowler, David J"]
[Result "0-1"]
[WhiteElo "1762"]
[BlackElo "1707"]
[PlyCount "58"]
[EventDate "2011.10.07"]
[EventType "swiss"]
[EventRounds "5"]
[EventCountry "ENG"]
[SourceTitle "EXT 2023"]
[Source "ChessBase"]
[SourceDate "2022.10.05"]
[SourceVersion "1"]
[SourceVersionDate "2022.10.05"]
[SourceQuality "1"]

1. d4 e6 2. Nf3 Nf6 3. Bf4 d5 4. e3 c5 5. c3 Nc6 6. h3 Bd7 7. Bd3 cxd4 8. cxd4 Nb4 9. 0-0 Nxd3 10. Qxd3 Rc8 11. Nbd2 Bb4 12. Rac1 Bc6 13. a3 Bxd2 14. Nxd2 0-0 15. Rc2 Qd7 16. Qe2 Bb5 17. Qd1 Bxf1 18. Nxf1 Qa4 19. Bd6 Qxc2 20. Qf3 Qf5 21. Qd1 Rfd8 22. Be5 Rc2 23. f3 Rdc8 24. g4 Qg6 25. h4 Rc1 26. Qb3 Rxf1+ 27. Kxf1 Qb1+ 28. Ke2 Rc2+ 29. Kd3 Qd1# 0-1

[Event "Brighton op"]
[Site "Brighton"]
[Date "2010.11.13"]
[Round "2"]
[White "Fowler, David J"]
[Black "Hjort, Helge"]
[Result "0-1"]
[WhiteElo "1723"]
[BlackElo "1926"]
[PlyCount "112"]
[EventDate "2010.11.12"]
[EventType "swiss"]
[EventRounds "5"]
[EventCountry "ENG"]
[SourceTitle "EXT 2011"]
[Source "ChessBase"]
[SourceDate "2010.11.26"]
[SourceVersion "1"]
[SourceVersionDate "2010.11.26"]
[SourceQuality "1"]

1. e4 c5 2. Nc3 Nc6 3. f4 g6 4. Nf3 Bg7 5. Bb5 Nd4 6. 0-0 e6 7. a4 Ne7 8. e5 a6 9. Bc4 d5 10. exd6 Qxd6 11. d3 b6 12. Ne4 Qc7 13. c3 Ndc6 14. Qe1 Nf5 15. Neg5 0-0 16. g4 Nd6 17. Bb3 h6 18. Ne4 Na5 19. Bc2 Nxe4 20. dxe4 f5 21. gxf5 exf5 22. e5 Bb7 23. Qg3 Qc6 24. Bd2 Rad8 25. Rad1 Kh7 26. Qh3 Kh8 27. Kf2 Rd7 28. Bc1 Rfd8 29. Rg1 Qxf3+ 30. Qxf3 Bxf3 31. Kxf3 Rxd1 32. Rxd1 Rxd1 33. Bxd1 Bf8 34. b3 Kg7 35. Bd2 Kf7 36. Ke3 Ke6 37. Kd3 Be7 38. h3 g5 39. c4 gxf4 40. Bxf4 Bg5 41. Ke3 Nc6 42. Bh5 Nxe5 43. Bxg5 hxg5 44. Bd1 Ng6 45. Be2 Ke5 46. Bd3 Nf4 47. Bf1 Ne6 48. Be2 Nd4 49. Bd1 a5 50. Kf2 Kf4 51. Kg2 Ke3 52. Kg3 Kd2 53. Bg4 f4+ 54. Kf2 Nxb3 55. Bf5 Nd4 56. Be4 Kc3 0-1